000 00310nam a22001337a 4500
008 170908b xxu||||| |||| 00| 0 eng d
020 _a9780534490515
041 _aeng
080 _24 ED
_a91
100 _a42
101 _aGEO
245 _aGEOLOGY AND THE ENVIRONMENT
_cPIPKIRN.B.W
942 _2udc
_cBK
999 _c26774
_d26774